书目信息 |
| 题名: |
电机内的电磁场
|
|
| 作者: | 汤蕴璆 主编 | |
| 分册: | ||
| 出版信息: | 北京 科学出版社 1981 |
|
| 页数: | 364页 | |
| 开本: | 25cm | |
| 丛书名: | ||
| 单 册: | ||
| 中图分类: | TM301 , TM3 | |
| 科图分类: | ||
| 主题词: | 电机-电磁场 , 电磁场-电机 , 电机 | |
| 电子资源: | ||
| ISBN: | ||
| 000 | 00700nam0 2200277 45 | |
| 001 | 0181003768 | |
| 005 | 20040521110206.0 | |
| 010 | @dCNY3.60 | |
| 091 | @a15031.376 | |
| 100 | @a19950615d1981 emky0chiy0121 ea | |
| 101 | 0 | @achi |
| 102 | @aCN@b110000 | |
| 105 | @ay z 000yy | |
| 106 | @ar | |
| 200 | 10 | @a电机内的电磁场@Adian ji nei de dian ci chang@f汤蕴璆主编@FTang Yun Qiu Zhu Bian |
| 210 | @a北京@c科学出版社@d1981 | |
| 215 | @a364页@d25cm | |
| 606 | @a电机-电磁场 | |
| 606 | @a电磁场-电机 | |
| 606 | 0 | @a电机 |
| 690 | @aTM301@v3 | |
| 690 | @aTM3 | |
| 701 | 0 | @a汤蕴璆@4主编 |
| 801 | 0 | @aCN@b上海图书馆@c20040521 |
| 801 | 2 | @aCN@bNLC@c20040521 |
| 905 | @f1@b205192@dTM3@e25 | |
| 电机内的电磁场/汤蕴璆主编.-北京:科学出版社,1981 |
| 364页;25cm |
| ISBN :CNY3.60 |
| ● |
| 相关链接 |
|
|
|
|
正题名:电机内的电磁场
索取号:TM3/25
 
预约/预借
| 序号 | 登录号 | 条形码 | 馆藏地/架位号 | 状态 | 备注 |
| 1 | 0205192 | 001344325 | 第三借阅区/ [索取号:TM3/25] | 在馆 | |
| 2 | 0205193 | 001344352 | 第二样本阅览室/ [索取号:TM3/25] | 在馆 |